Vetllada conmemorativa del onze de setembre de 1714 : dijous a les 9 de la vetlla dijous a les 9 de la vetlla
Descripción Física:
1 f. plegat ; 21 cm
Materias:
Onze de Setembre
MARC
| LEADER | 00000nam a2200000Ia 4500 | ||
|---|---|---|---|
| 001 | 18592 | ||
| 008 | 160829s1919 xx 000 0 cat d | ||
| 080 | |a RF-3-27 | ||
| 245 | |a Vetllada conmemorativa del onze de setembre de 1714 : |b dijous a les 9 de la vetlla | ||
| 260 | |a Guantánamo (Cuba) : |b [s.n.], |c 1919 | ||
| 300 | |a 1 f. plegat ; |c 21 cm | ||
| 590 | |a Prové de B-10. | ||
| 590 | |a Festa organitzada pel Consell Directiu del 'Cathalonia' Bloc Nacionalista | ||
| 650 | |a Onze de Setembre |9 41101 | ||
| 856 | 4 | |u https://media.diba.cat/diba/fitxers/arxiu/fulletons/bib_18592_1919_baixa.pdf |y Accés lliure | |
| 856 | 4 | |u https://media.diba.cat/diba/fitxers/arxiu/fulletons/bib_18592_1919_baixa.pdf |y Accés lliure | |
| 901 | |a Arxiu | ||
| 942 | |n 1 |2 udc | ||
| 952 | |0 0 |1 0 |4 0 |6 RF327 |7 1 |9 50043 |a Arxiu |b Arxiu |d 2016-12-01 |l 0 |o RF-3-27 |p 18592 |r 2016-12-01 00:00:00 |w 2016-12-01 |y ARXIU | ||
| 999 | |c 53885 |d 53885 | ||
| 900 | |a bib_18592_1919_baixa.pdf | ||